00558nam a2200181 a 45000010010000000030011000100080041000210350026000620820014000881000023001022450054001252600037001796500024002169420012002409520089002529980020003419990015003610000-8557ELIB.Books110520 1957  a(ELIB.Books)0000-8703 a268 bBut aButt, Elsie Miller aThe Vacation Church School in Christian Education bNashville: Abingdon Press c1957 aChristian Education 2ddccBK 00102ddc4070aKBTSbKBTSd2011-05-20l0p522r2022-01-22 00:00:00w2022-01-22yBK cbate2011-05-20 c8557d8557